More help for your nerves

Bibliographic Details
Main Author: Weekes, Dr.Claire
Format: Book
Published: Australia : Angus & Robertson , 1989
Subjects:

MARC

LEADER 00000cam a2200000 7i4500
001 0000002156
002 000002353
005 20000330.0
020 |a 020716598X 
090 0 0 |a 613.79   |b WEE 
100 1 |a Weekes, Dr.Claire 
245 1 0 |a More help for your nerves   |c Dr.Claire Weekes 
260 |a Australia :   |b Angus & Robertson ,   |c 1989 
300 |a 182p. ;   |c 18cm. 
650 0 0 |a Stress 
999 |a 033698   |b BUKU   |c PINJAMAN   |e PERPUSTAKAAN KOMUNITI PETALING JAYA